[Event "4NCL/Div4a/CONQ vs. GUI4"]
[Site "Telford ENG"]
[Date "2005.01.16"]
[Round "4.1"]
[White "Osborne, Marcus E"]
[Black "Smart, Michael R"]
[Result "1-0"]
[WhiteElo "2178"]
[BlackElo "2070"]
[PlyCount "77"]
[EventDate "2005.01.16"]
[SourceDate "2004.09.21"]

1. Nf3 Nf6 2. c4 d6 3. Nc3 g6 4. d4 Bg7 5. e4 O-O 6. Be2 c5 7. d5 e6 8. O-O
exd5 9. exd5 Bg4 10. Bf4 Nh5 11. Bg5 Qb6 12. Qd2 Re8 13. h3 Bxf3 14. Bxf3 Nf6
15. Rab1 Nbd7 16. Qf4 a6 17. Bd1 Re5 18. g4 Rae8 19. Ba4 Re4 20. Nxe4 Rxe4 21.
Qg3 Rxc4 22. Bxd7 Nxd7 23. Rfe1 Be5 24. f4 Bd4+ 25. Kh1 Nf6 26. Bxf6 Bxf6 27.
Re8+ Kg7 28. g5 Qb5 29. gxf6+ Kxf6 30. Qg5+ Kg7 31. Qe7 Rxf4 32. Qf8+ Kf6 33.
Qxd6+ Kg7 34. Qxf4 Qxe8 35. Rf1 Qd7 36. Qf3 Qe7 37. d6 Qd7 38. Qf6+ Kg8 39. Rf3
1-0

[Event "4NCL/Div4a/CONQ vs. GUI4"]
[Site "Telford ENG"]
[Date "2005.01.16"]
[Round "4.2"]
[White "Stimpson, Philip M"]
[Black "Prizant, Michael"]
[Result "0-1"]
[WhiteElo "2125"]
[BlackElo "2125"]
[PlyCount "86"]
[EventDate "2005.01.16"]
[SourceDate "2004.09.21"]

1. e4 c5 2. Nc3 e6 3. Nf3 Nc6 4. Bb5 Nd4 5. O-O Nxb5 6. Nxb5 a6 7. Nc3 d6 8. d4
cxd4 9. Qxd4 Ne7 10. Bg5 f6 11. Bh4 Nc6 12. Qd2 Be7 13. Bg3 O-O 14. Rfd1 Ne5
15. Nxe5 fxe5 16. f3 Kh8 17. a4 b6 18. Bf2 Qc7 19. Qe3 Rb8 20. Rd2 Bd7 21. Rad1
Rfc8 22. Kh1 b5 23. axb5 axb5 24. Ra1 Rb7 25. Ne2 h6 26. h4 b4 27. Qb3 Qc4 28.
Qxc4 Rxc4 29. b3 Rc8 30. Nc1 Rbc7 31. Ra2 Bb5 32. Nd3 Bxd3 33. cxd3 Rc3 34. Ra7
Bf6 35. Rd7 R8c6 36. Ra2 Rxb3 37. Ra8+ Kh7 38. h5 Rbc3 39. Rf7 Rc8 40. Raa7 b3
41. Be3 b2 42. Rxf6 b1=Q+ 43. Kh2 R3c7 0-1

[Event "4NCL/Div4a/CONQ vs. GUI4"]
[Site "Telford ENG"]
[Date "2005.01.16"]
[Round "4.3"]
[White "Wilson, Peter J B"]
[Black "Shepley, Julien M"]
[Result "0-1"]
[WhiteElo "2123"]
[BlackElo "2114"]
[PlyCount "92"]
[EventDate "2005.01.16"]
[SourceDate "2004.09.21"]

1. f4 b6 2. Nf3 Bb7 3. e3 Nf6 4. d4 d6 5. Bb5+ Nbd7 6. O-O a6 7. Bd3 g6 8. c4
Bg7 9. Nc3 O-O 10. Ng5 Qe8 11. Nge4 e5 12. fxe5 dxe5 13. Nxf6+ Nxf6 14. d5 Qe7
15. e4 Ne8 16. Qg4 Nd6 17. Bg5 f6 18. Be3 Rae8 19. Rf3 Bc8 20. Qh4 Rf7 21. Raf1
Ref8 22. g4 f5 23. Qxe7 Rxe7 24. gxf5 gxf5 25. Bg5 Ree8 26. Rg3 f4 27. Rg2 Bh3
28. Rf3 Bxg2 29. Kxg2 Kf7 30. Bh4 Rg8 31. Kh1 Bf6 32. Bf2 Rg7 33. Bf1 Ke7 34.
b3 Reg8 35. Bh3 Rg6 36. Ne2 Nxe4 37. Be1 Ng5 38. Rc3 Nxh3 39. Rxh3 R8g7 40. Bf2
Kd7 41. b4 Be7 42. c5 bxc5 43. bxc5 Rg2 44. Rf3 Bxc5 45. Bxc5 Rxe2 46. Bf2 Rxa2
0-1

[Event "4NCL/Div4a/CONQ vs. GUI4"]
[Site "Telford ENG"]
[Date "2005.01.16"]
[Round "4.4"]
[White "Bryant, Richard"]
[Black "Jackson, Paul G"]
[Result "1/2-1/2"]
[WhiteElo "1933"]
[BlackElo "1950"]
[PlyCount "158"]
[EventDate "2005.01.16"]
[SourceDate "2004.09.21"]

1. e4 e6 2. d4 d5 3. Nd2 dxe4 4. Nxe4 Bd7 5. Nf3 Bc6 6. Bd3 Nd7 7. c3 Ngf6 8.
Qe2 Bxe4 9. Bxe4 Nxe4 10. Qxe4 c6 11. O-O Be7 12. Re1 O-O 13. Qg4 Bf6 14. Ne5
Re8 15. Bf4 Nf8 16. Rad1 Ng6 17. Bg3 Qa5 18. a3 Rad8 19. Nc4 Qg5 20. Qe4 Be7
21. Ne3 Rd7 22. f4 Qb5 23. Qc2 Red8 24. f5 Nf8 25. Bf2 Bg5 26. fxe6 Nxe6 27.
Ng4 Bf4 28. Bh4 Bg5 29. Re5 Rd5 30. Bxg5 Rxe5 31. dxe5 Rxd1+ 32. Qxd1 Qxb2 33.
Qc1 Qe2 34. h3 h5 35. Nh2 Qxe5 36. Nf3 Qa5 37. Be3 Nc7 38. c4 Ne6 39. Nd4 Nc5
40. Kh1 Nd3 41. Nb3 Qf5 42. Qd2 Ne5 43. Qc1 b6 44. c5 b5 45. Bg1 Nd3 46. Qe3
Qd5 47. Nd2 a5 48. Nf3 b4 49. axb4 axb4 50. Qd4 Qxd4 51. Bxd4 b3 52. Nd2 b2 53.
Kg1 f6 54. Kf1 Kf7 55. Ke2 Nf4+ 56. Kf3 Ne6 57. Bxb2 Nxc5 58. Ne4 Nd7 59. Bd4
Ke7 60. Kf4 g6 61. h4 Kf7 62. Ke3 Ke7 63. Nc5 Nb8 64. Ke4 Kf7 65. Be3 Ke7 66.
Bf4 Nd7 67. Nb7 Nb6 68. Kd4 Nd5 69. Bd2 Ke6 70. Ke4 Kd7 71. Nc5+ Kd6 72. Nd3
Kd7 73. Nf4 Nxf4 74. Bxf4 Ke7 75. Be3 Kd7 76. Kd4 Ke6 77. Kc5 Kf5 78. Bd4 g5
79. hxg5 fxg5 1/2-1/2

[Event "4NCL/Div4a/CONQ vs. GUI4"]
[Site "Telford ENG"]
[Date "2005.01.16"]
[Round "4.5"]
[White "Cork, David J"]
[Black "Chai, Wei Koong"]
[Result "0-1"]
[WhiteElo "1885"]
[BlackElo "1835"]
[PlyCount "162"]
[EventDate "2005.01.16"]
[SourceDate "2004.09.21"]

1. e4 c6 2. d4 d5 3. Nd2 dxe4 4. Nxe4 Nd7 5. Nf3 Ngf6 6. Nxf6+ Nxf6 7. Bc4 e6
8. Bg5 Be7 9. Qe2 O-O 10. O-O-O Nd7 11. h4 h6 12. Bf4 Nb6 13. Bd3 Nd5 14. Bd2
Nf6 15. Ne5 Nd5 16. g4 Bxh4 17. Nf3 Bg5 18. Nxg5 hxg5 19. Bh7+ Kh8 20. Qf3 Qf6
21. Bg6+ Kg8 22. Qh3 fxg6 23. c4 Nf4 24. Qh2 b6 25. Bb4 Re8 26. d5 c5 27. d6
Bd7 28. Bd2 Kf7 29. Kb1 Rad8 30. Qg3 e5 31. Qa3 Bxg4 32. f3 Bf5+ 33. Ka1 a5 34.
Qb3 Rxd6 35. Bxf4 Rxd1+ 36. Rxd1 gxf4 37. Qb5 g5 38. Qa6 g4 39. fxg4 Bxg4 40.
Rg1 Bf5 41. Qb7+ Re7 42. Qd5+ Qe6 43. Qg2 g6 44. Qh2 Qxc4 45. Qh7+ Ke6 46. Qg8+
Rf7 47. Qc8+ Kf6 48. Qh8+ Rg7 49. Qd8+ Kf7 50. Qc7+ Kf6 51. Qd8+ Re7 52. Qh8+
Kf7 53. Qh7+ Kf8 54. Qh8+ Qg8 55. Qf6+ Ke8 56. Qc6+ Kf7 57. Qd5+ Re6 58. Qb7+
Kf6 59. Qg2 g5 60. Rh1 Qg7 61. Qd2 Kg6 62. Rg1 g4 63. Rh1 g3 64. Qe2 Kf6 65.
Qd2 g2 66. Qd8+ Kg6 67. Rg1 f3 68. Qh4 e4 69. Qg3+ Kf7 70. Qc7+ Kf6 71. Qd8+
Qe7 72. Qh8+ Kg6 73. Qh2 Qh7 74. Qf4 Qh6 75. Qb8 Qh1 76. Qg8+ Kf6 77. Qf8+ Kg5
78. Qg7+ Bg6 79. a4 Qxg1+ 80. Ka2 Qd4 81. Qc7 g1=Q 0-1

[Event "4NCL/Div4a/NOTT vs. GLOSG"]
[Site "Telford ENG"]
[Date "2005.01.16"]
[Round "4.1"]
[White "Barnes, Michael H"]
[Black "Hosken, Nigel"]
[Result "1/2-1/2"]
[WhiteElo "2254"]
[BlackElo "2205"]
[PlyCount "114"]
[EventDate "2005.01.16"]
[SourceDate "2004.09.21"]

1. d4 d5 2. Nf3 Nf6 3. c4 c6 4. e3 e6 5. Nbd2 Nbd7 6. b3 Ne4 7. Nxe4 dxe4 8.
Nd2 f5 9. Bb2 Nf6 10. Be2 Bd6 11. c5 Bc7 12. f3 Nd5 13. Kf2 Nxe3 14. Kxe3 Qg5+
15. Kf2 e3+ 16. Kf1 exd2 17. g3 e5 18. dxe5 Qe3 19. f4 Be6 20. Bh5+ g6 21. Qe2
Qxc5 22. Bf3 O-O-O 23. Kg2 Ba5 24. Rhd1 Bc3 25. Rab1 Qd4 26. Ba3 g5 27. Bd6
gxf4 28. Bxc6 Bd5+ 29. Bxd5 Qxd5+ 30. Qf3 Qxf3+ 31. Kxf3 fxg3 32. hxg3 Kd7 33.
Rh1 h5 34. Rbd1 Ke6 35. Kf4 Rdg8 36. Rh3 Rg4+ 37. Kf3 Re4 38. Rh2 Re1 39. Rh1
Rg8 40. Bc5 Rg4 41. Bf2 Rxh1 42. Rxh1 Re4 43. Be3 Rxe5 44. Rd1 a6 45. Bxd2 Bxd2
46. Rxd2 Kf6 47. Rd6+ Kg5 48. Rd7 Rb5 49. Rd4 a5 50. Rd8 Rc5 51. Rg8+ Kf6 52.
Rb8 Rb5 53. Rh8 Kg6 54. Rg8+ Kh7 55. Rd8 Kg6 56. Rd6+ Kg5 57. Rd8 Rb4 1/2-1/2

[Event "4NCL/Div4a/NOTT vs. GLOSG"]
[Site "Telford ENG"]
[Date "2005.01.16"]
[Round "4.2"]
[White "White, Michael J R"]
[Black "Therrien, Alex"]
[Result "1-0"]
[WhiteElo "2166"]
[BlackElo "2135"]
[PlyCount "133"]
[EventDate "2005.01.16"]
[SourceDate "2004.09.21"]

1. e4 g6 2. d4 Bg7 3. Nc3 d6 4. Be3 c6 5. Bc4 Nf6 6. Bb3 b5 7. f3 a5 8. a3 Qc7
9. Qd2 h5 10. Nge2 Bd7 11. O-O O-O 12. Bh6 Na6 13. Qg5 e6 14. Bxg7 Kxg7 15. e5
dxe5 16. dxe5 Nh7 17. Qg3 c5 18. Rad1 c4 19. Ba2 Bc6 20. Nd4 Rfd8 21. Nxc6 Qxc6
22. Ne4 Rd5 23. c3 Nc5 24. Bb1 Nd7 25. f4 Nb6 26. Nd6 Nf8 27. Qg5 Nh7 28. Qg3
Rf8 29. Nxf7 Rxf7 30. Bxg6 Qc5+ 31. Kh1 Rf8 32. Be4+ Kh8 33. Qg6 Qe7 34. Qxh5
Rxd1 35. Rxd1 Qf7 36. Bg6 Qe7 37. Rd6 Nd5 38. Rxe6 Qb7 39. Qxh7+ Qxh7 40. Bxh7
Kxh7 41. g3 Ne3 42. Rd6 Kg7 43. Kg1 Rb8 44. Kf2 Ng4+ 45. Kg2 b4 46. axb4 axb4
47. cxb4 Rxb4 48. Rd2 Rb3 49. Kh3 Ne3 50. Kh4 Rb6 51. Rd7+ Kf8 52. Kg5 Rxb2 53.
f5 Rb5 54. f6 Rxe5+ 55. Kg6 c3 56. Rh7 Ke8 57. Rc7 Re6 58. Rxc3 Rxf6+ 59. Kxf6
Nd5+ 60. Kg7 Nxc3 61. h4 Nd5 62. h5 Ne3 63. h6 Nf5+ 64. Kg6 Ne7+ 65. Kf6 Kf8
66. h7 Nd5+ 67. Kg6 1-0

[Event "4NCL/Div4a/NOTT vs. GLOSG"]
[Site "Telford ENG"]
[Date "2005.01.16"]
[Round "4.3"]
[White "Truman, Richard G"]
[Black "Bolt, Graham"]
[Result "1/2-1/2"]
[WhiteElo "2019"]
[BlackElo "2114"]
[PlyCount "141"]
[EventDate "2005.01.16"]
[SourceDate "2004.09.21"]

1. d4 Nf6 2. c4 g6 3. Nc3 d5 4. cxd5 Nxd5 5. e4 Nxc3 6. bxc3 Bg7 7. Nf3 O-O 8.
Rb1 c5 9. Be2 Nc6 10. d5 Ne5 11. Nxe5 Bxe5 12. Qd2 Qa5 13. Rb3 Bd7 14. O-O b5
15. f4 Bg7 16. f5 c4 17. Rb4 Qc7 18. d6 Qxd6 19. Qxd6 exd6 20. f6 Bh8 21. Be3
Bc6 22. Rf4 Rfe8 23. Bf3 Re6 24. Bd4 h5 25. g4 hxg4 26. Bxg4 Ree8 27. Rb2 a6
28. Re2 Bb7 29. h4 Bc8 30. h5 g5 31. Rg2 gxf4 32. Bd7+ Kh7 33. Bxe8 Be6 34. Bc6
Rg8 35. e5 Rxg2+ 36. Kxg2 dxe5 37. Bxe5 Kh6 38. Kf3 Kg5 39. Bxf4+ Kxh5 40. Be5
Kg5 41. Bb7 Bxf6 42. Bxf6+ Kxf6 43. Bxa6 Bd7 44. Kf4 Ke6 45. a3 Kd6 46. Bb7 f6
47. Be4 Kc5 48. Bc2 Bh3 49. Bd1 Kb6 50. Be2 Ka5 51. Bd1 Kb6 52. Be2 Kc6 53.
Bf3+ Kd6 54. Be2 Be6 55. Bd1 Bd5 56. Kf5 Ke7 57. Bc2 Bf3 58. Kf4 Bh5 59. a4
bxa4 60. Bxa4 Bg6 61. Bd1 Bd3 62. Ke3 Ke6 63. Kf4 Kd6 64. Ba4 Kc5 65. Bd7 Kd6
66. Ba4 Ke6 67. Bb5 Kf7 68. Bd7 Kg6 69. Be8+ Kg7 70. Bd7 Kh6 71. Be8 1/2-1/2

[Event "4NCL/Div4a/NOTT vs. GLOSG"]
[Site "Telford ENG"]
[Date "2005.01.16"]
[Round "4.5"]
[White "Webster, Richard J"]
[Black "Taylor, Geoffrey P"]
[Result "1/2-1/2"]
[WhiteElo "1968"]
[BlackElo "2135"]
[PlyCount "71"]
[EventDate "2005.01.16"]
[SourceDate "2004.09.21"]

1. d4 d5 2. c4 e6 3. Nc3 Nf6 4. Nf3 c6 5. e3 Nbd7 6. Bd3 Bd6 7. O-O O-O 8. e4
dxe4 9. Nxe4 Nxe4 10. Bxe4 Nf6 11. Bc2 c5 12. Bg5 Be7 13. dxc5 Qxd1 14. Raxd1
Bxc5 15. Rd2 b6 16. Ne5 Bb4 17. Rd4 Bc5 18. Rh4 h6 19. Bxf6 gxf6 20. Nd3 Be7
21. Rxh6 e5 22. f3 Kg7 23. Rh5 Be6 24. b3 Rad8 25. Kf2 Rd4 26. Ke2 e4 27. Nf2
Rfd8 28. Rd1 Rxd1 29. Nxd1 exf3+ 30. gxf3 Bb4 31. Bd3 a5 32. Ne3 Re8 33. Be4
Bc5 34. Nf5+ Bxf5 35. Rxf5 Rh8 36. Bc2 1/2-1/2

[Event "4NCL/Div4a/NOTT vs. GLOSG"]
[Site "Telford ENG"]
[Date "2005.01.16"]
[Round "4.6"]
[White "Ponter, Ian"]
[Black "Wright, Antony J"]
[Result "0-1"]
[WhiteElo "2047"]
[BlackElo "1990"]
[PlyCount "138"]
[EventDate "2005.01.16"]
[SourceDate "2004.09.21"]

1. e4 e6 2. d4 d5 3. Nc3 Nf6 4. Bg5 dxe4 5. Nxe4 Nbd7 6. Nf3 Be7 7. Nxf6+ Bxf6
8. Bxf6 Qxf6 9. Qd2 O-O 10. Bd3 Re8 11. O-O-O Nf8 12. Kb1 a6 13. h4 Bd7 14. Ne5
Red8 15. g4 Bc6 16. Nxc6 bxc6 17. Be4 Rd6 18. g5 Qe7 19. f4 Rad8 20. Qe3 Kh8
21. h5 c5 22. Bd3 Rxd4 23. h6 c4 24. hxg7+ Kxg7 25. Qe5+ f6 26. gxf6+ Qxf6 27.
Rdg1+ Kf7 28. Qh5+ Ke7 29. Bxh7 R8d5 30. Rg5 Rxf4 31. Rxd5 exd5 32. Re1+ Kd6
33. Bg8 c6 34. Qh2 Kc5 35. Qg1+ Qd4 36. Qg5 Qf6 37. Qg2 Rf2 38. Qg1 Qd4 39. Rd1
Rd2 40. Qxd4+ Rxd4 41. Rf1 Nd7 42. c3 Rd2 43. Kc1 Rh2 44. Be6 Ne5 45. Bf5 Nd3+
46. Bxd3 cxd3 47. Rf4 Rh1+ 48. Kd2 Rh2+ 49. Kxd3 Rxb2 50. Ra4 Kb5 51. Ra3 c5
52. Ke3 a5 53. Kd3 a4 54. Ke3 Rc2 55. Kd3 Rh2 56. Ke3 Kc4 57. Rxa4+ Kxc3 58.
Ra5 Kb4 59. Ra8 d4+ 60. Ke4 Kc4 61. a4 Re2+ 62. Kf3 Re3+ 63. Kf2 Ra3 64. Ra5
Ra2+ 65. Ke1 d3 66. Kd1 Kd4 67. Ra8 Kc3 68. Ke1 Ra1+ 69. Kf2 d2 0-1

[Event "4NCL/Div4a/OXF2 vs. CAMB2"]
[Site "Telford ENG"]
[Date "2005.01.16"]
[Round "4.1"]
[White "Rawlinson, Aidan"]
[Black "Campbell, Mark"]
[Result "1-0"]
[WhiteElo "2179"]
[BlackElo "2030"]
[PlyCount "105"]
[EventDate "2005.01.16"]
[SourceDate "2004.09.21"]

1. e4 c5 2. Nf3 d6 3. d4 cxd4 4. Nxd4 Nf6 5. Nc3 a6 6. f3 e5 7. Nb3 Be6 8. Be3
Be7 9. Qd2 O-O 10. O-O-O Nc6 11. Nd5 Bxd5 12. exd5 Nb8 13. Kb1 Nbd7 14. c4 b6
15. g4 Nc5 16. Nxc5 bxc5 17. Bd3 Rb8 18. h4 e4 19. Be2 exf3 20. Bxf3 Nd7 21. g5
Ne5 22. Be2 Rb4 23. Qc2 Qb6 24. Bd2 Rb8 25. Bxb4 Qxb4 26. Rh3 Qa5 27. Bd3 g6
28. Be2 Bf8 29. h5 Bg7 30. Rb3 Re8 31. hxg6 hxg6 32. Rh1 Nd7 33. a3 Qc7 34. Rf1
Ne5 35. Qd2 a5 36. a4 Ra8 37. Rh1 Qd7 38. Rb5 Qf5+ 39. Ka2 Qe4 40. Rc1 Qg2 41.
Qe3 Kf8 42. Rb7 Kg8 43. Rc3 Qh2 44. Rcb3 Qh4 45. Rb8+ Rxb8 46. Rxb8+ Kh7 47.
Rb3 Kg8 48. Rb8+ Kh7 49. Kb3 Qh2 50. Ra8 Ng4 51. Qe8 Qg3+ 52. Ka2 Ne5 53. Qg8#
1-0

[Event "4NCL/Div4a/OXF2 vs. CAMB2"]
[Site "Telford ENG"]
[Date "2005.01.16"]
[Round "4.2"]
[White "Gallagher, Ian G"]
[Black "Webster, Ian"]
[Result "1/2-1/2"]
[WhiteElo "1985"]
[BlackElo "2116"]
[PlyCount "231"]
[EventDate "2005.01.16"]
[SourceDate "2004.09.21"]

1. d4 Nf6 2. Bg5 Nc6 3. Bxf6 exf6 4. e3 Bb4+ 5. Nd2 O-O 6. Bd3 Re8 7. c3 Bf8 8.
Ne2 d5 9. Nf4 Ne7 10. Qh5 g6 11. Qf3 c6 12. h4 Qd7 13. c4 Qg4 14. cxd5 Nxd5 15.
Nxd5 Qxf3 16. Nxf3 cxd5 17. Rc1 Bd7 18. Ke2 Rec8 19. Nd2 f5 20. g3 Bd6 21. a3
a5 22. Kf3 a4 23. Bb1 b5 24. Ba2 Be6 25. Ke2 h5 26. Nf3 f6 27. Rhd1 b4 28. axb4
Bxb4 29. Ne1 a3 30. bxa3 Bc3 31. Nd3 Rxa3 32. Bb1 Bd7 33. Nf4 Ba4 34. Rg1 Rb8
35. Nxg6 Bb5+ 36. Kf3 Bxd4 37. Rc8+ Rxc8 38. Ne7+ Kf8 39. Nxc8 Bd7 40. Nd6 Be5
41. Nxf5 Ra1 42. g4 hxg4+ 43. Kxg4 Kf7 44. h5 Be6 45. Rh1 Bd6 46. e4 Bd7 47. h6
Kg8 48. Kh5 Bc5 49. Kg6 dxe4 50. h7+ Kh8 51. Nh6 Be8+ 52. Nf7+ Bxf7+ 53. Kxf7
f5 54. Kg6 Bxf2 55. Rc1 Ra8 56. Kxf5 e3 57. Bd3 Re8 58. Rc7 e2 59. Bxe2 Rxe2
60. Kg6 Re6+ 61. Kf5 Ra6 62. Rf7 Bd4 63. Re7 Bg7 64. Re6 Ra1 65. Kg6 Rg1+ 66.
Kf7 Kxh7 67. Re2 Rf1+ 68. Ke6 Rf6+ 69. Kd5 Kg8 70. Re1 Kf7 71. Re2 Rf5+ 72. Ke4
Ke6 73. Rg2 Re5+ 74. Kd3 Bf6 75. Rg3 Ra5 76. Ke2 Bd4 77. Rg2 Ra3 78. Kd1 Kd5
79. Rd2 Ke4 80. Re2+ Be3 81. Rb2 Ra1+ 82. Kc2 Rc1+ 83. Kb3 Kd3 84. Ka4 Rc5 85.
Rb3+ Kd4 86. Rb4+ Kd3 87. Rb3+ Ke4 88. Rb4+ Bd4 89. Rb5 Rc4+ 90. Rb4 Rc8 91.
Kb3 Kd3 92. Rb5 Rc3+ 93. Kb4 Rc4+ 94. Kb3 Bc5 95. Rb7 Bd4 96. Rb4 Rc5 97. Rb7
Rc1 98. Rb5 Ra1 99. Rb4 Bc5 100. Rb5 Ra3+ 101. Kb2 Bf8 102. Rf5 Ra8 103. Rf3+
Ke2 104. Rf7 Rc8 105. Rd7 Bb4 106. Kb3 Bd2 107. Re7+ Kd1 108. Rd7 Rc3+ 109. Ka4
Rc5 110. Rb7 Kc2 111. Rb5 Rc8 112. Rb7 Be3 113. Kb5 Rc3 114. Ka4 Bd2 115. Rb5
Rc4+ 116. Ka3 1/2-1/2

[Event "4NCL/Div4a/OXF2 vs. CAMB2"]
[Site "Telford ENG"]
[Date "2005.01.16"]
[Round "4.3"]
[White "Duggan, Chris"]
[Black "Kreuzer, Christopher"]
[Result "0-1"]
[WhiteElo "2114"]
[BlackElo "1955"]
[PlyCount "96"]
[EventDate "2005.01.16"]
[SourceDate "2004.09.21"]

1. e4 c5 2. Nf3 d6 3. c3 Nf6 4. Be2 Nc6 5. d4 cxd4 6. cxd4 Nxe4 7. d5 Qa5+ 8.
Nc3 Nxc3 9. bxc3 Nd8 10. O-O Bd7 11. Re1 e5 12. dxe6 fxe6 13. Nd4 Be7 14. Bg4
O-O 15. Qb3 Bf6 16. Ba3 Bxd4 17. cxd4 Qd2 18. Qg3 Nf7 19. Rad1 Qxa2 20. d5 Rae8
21. Re2 Qc4 22. Bb2 e5 23. Bh5 Rc8 24. Ba3 Ba4 25. Rde1 Qxd5 26. Bf3 Qb3 27.
Re3 Rc3 28. Bc1 Rfc8 29. Bd1 Rxe3 30. Bxe3 Qc3 31. Rf1 Bxd1 32. Rxd1 e4 33. h4
Qf6 34. Qg4 Rf8 35. Bd4 Qg6 36. Qe2 a6 37. h5 Qf5 38. Qb2 Ne5 39. Qxb7 a5 40.
Qd5+ Qf7 41. Qxd6 Ng4 42. Qc5 Qf4 43. h6 Qh2+ 44. Kf1 Qxh6 45. Qd5+ Kh8 46.
Qxe4 Qh1+ 47. Ke2 Qh5 48. Kd3 Nxf2+ 0-1

[Event "4NCL/Div4a/OXF2 vs. CAMB2"]
[Site "Telford ENG"]
[Date "2005.01.16"]
[Round "4.4"]
[White "Spencer, Carl"]
[Black "Ludbrook, Matt"]
[Result "1-0"]
[WhiteElo "1855"]
[BlackElo "2039"]
[PlyCount "49"]
[EventDate "2005.01.16"]
[SourceDate "2004.09.21"]

1. e4 e6 2. d4 d5 3. Nc3 Bb4 4. e5 c5 5. Bd2 Nc6 6. Nb5 Bxd2+ 7. Qxd2 cxd4 8.
f4 Nge7 9. Nd6+ Kf8 10. Nf3 Nf5 11. Nxf5 exf5 12. Nxd4 a6 13. Rd1 Be6 14. Be2
Qb6 15. c3 Rc8 16. O-O Nxd4 17. cxd4 Ke7 18. Rf3 Rc6 19. Rb3 Qc7 20. Qb4+ Kd7
21. Qxb7 a5 22. Qb5 Ke7 23. Qa4 Rg8 24. Qa3+ Kd8 25. Bb5 1-0

[Event "4NCL/Div4a/OXF2 vs. CAMB2"]
[Site "Telford ENG"]
[Date "2005.01.16"]
[Round "4.5"]
[White "Harrison, Pete R"]
[Black "Kapadia, Sujit"]
[Result "0-1"]
[WhiteElo "1875"]
[BlackElo "1835"]
[PlyCount "104"]
[EventDate "2005.01.16"]
[SourceDate "2004.09.21"]

1. d4 d5 2. Nf3 c5 3. e3 Nc6 4. c3 cxd4 5. exd4 Bg4 6. Nbd2 Nf6 7. Qc2 e6 8.
Bd3 Bd6 9. O-O O-O 10. Re1 a6 11. Ne5 Rc8 12. Ndf3 Bxf3 13. Nxf3 b5 14. Qe2 Qc7
15. Ne5 h6 16. g4 Nd7 17. f4 Rfe8 18. g5 hxg5 19. Nxc6 Qxc6 20. fxg5 e5 21. Bf5
g6 22. Bg4 exd4 23. Qxe8+ Rxe8 24. Rxe8+ Kg7 25. cxd4 Nb6 26. Re2 Qc7 27. Be3
Bf4 28. Rf1 Bxe3+ 29. Rxe3 Nc4 30. Re2 Qb6 31. Rf4 Qa5 32. b3 Nd6 33. Bf3 b4
34. Re5 Qxa2 35. Bxd5 Nf5 36. Bc4 Qa1+ 37. Kf2 a5 38. Re1 Qb2+ 39. Re2 Qc3 40.
d5 Nd6 41. Ra2 Qe5 42. Kf3 Nxc4 43. bxc4 b3 44. Re2 Qxg5 45. d6 Qh5+ 46. Kf2
Qc5+ 47. Ke1 Qxd6 48. Ref2 Qb4+ 49. Kf1 b2 50. Rxf7+ Kh6 51. Rxb2 Qxb2 52. c5
Qc1+ 0-1

[Event "4NCL/Div4a/OXF2 vs. CAMB2"]
[Site "Telford ENG"]
[Date "2005.01.16"]
[Round "4.6"]
[White "Brown, Aiden T"]
[Black "Henbest, Kevin B"]
[Result "0-1"]
[WhiteElo "1715"]
[BlackElo "1795"]
[PlyCount "127"]
[EventDate "2005.01.16"]
[SourceDate "2004.09.21"]

1. c4 Nf6 2. Nc3 g6 3. g3 Bg7 4. Bg2 O-O 5. d3 d6 6. Nf3 Nbd7 7. Qc2 e5 8. d4
Re8 9. dxe5 dxe5 10. Ng5 h6 11. Nge4 Nxe4 12. Bxe4 Nc5 13. Bg2 f5 14. Be3 Ne6
15. Rd1 Nd4 16. Bxd4 exd4 17. O-O c6 18. e3 Be6 19. Ne2 Qb6 20. Nxd4 Bf7 21. b3
Rad8 22. Ne2 Qc5 23. Nf4 Qa5 24. e4 g5 25. Nh3 Bg6 26. Rfe1 Rxd1 27. Qxd1 fxe4
28. Re2 Bh5 29. Qd7 Qe5 30. Re1 Bg6 31. f4 Qc5+ 32. Kh1 g4 33. Ng1 h5 34. f5
Qxf5 35. Qxf5 Bxf5 36. Ne2 e3 37. Nf4 Bc3 38. Rf1 e2 39. Nxe2 Rxe2 40. Rxf5
Rxa2 41. Be4 Rb2 42. Rxh5 Rxb3 43. Rg5+ Kf7 44. Rxg4 a5 45. c5 a4 46. Rf4+ Ke7
47. Bc2 Rb5 48. Bxa4 Rxc5 49. g4 b5 50. Bb3 b4 51. Kg2 Re5 52. h4 Bd2 53. Rf3
Kd6 54. h5 Re2+ 55. Kf1 Rh2 56. Bd1 Bc1 57. Rf5 c5 58. Bb3 Rb2 59. Rf6+ Ke5 60.
Rf5+ Kd4 61. Rd5+ Ke3 62. Rxc5 Rxb3 63. Rxc1 Kf3 64. Rc4 0-1

[Event "4NCL/Div4a/SLOS4 vs. HKFC"]
[Site "Telford ENG"]
[Date "2005.01.16"]
[Round "4.1"]
[White "Roberson, Peter T"]
[Black "Fowler, Simon"]
[Result "0-1"]
[WhiteElo "2117"]
[BlackElo "2116"]
[PlyCount "62"]
[EventDate "2005.01.16"]
[SourceDate "2004.09.21"]

1. e4 e6 2. d4 d5 3. Nd2 Nc6 4. Ngf3 Nf6 5. e5 Nd7 6. Bb5 a6 7. Ba4 f6 8. exf6
Qxf6 9. Qe2 Bd6 10. c4 O-O 11. c5 Nxd4 12. Nxd4 Nxc5 13. Bc2 Qxd4 14. O-O e5
15. Qh5 h6 16. b4 Nd7 17. Ne4 Nf6 18. Nxf6+ Rxf6 19. Qe8+ Rf8 20. Qg6 e4 21.
Bxh6 Bf5 22. Qg5 Kh7 23. Qd2 Qe5 24. f4 exf3 25. Rxf3 Qxa1+ 26. Kf2 Be4 27. Be3
Rxf3+ 28. gxf3 Rf8 29. Qxd5 Rxf3+ 30. Ke2 Qf1+ 31. Kd2 Bxb4# 0-1

[Event "4NCL/Div4a/SLOS4 vs. HKFC"]
[Site "Telford ENG"]
[Date "2005.01.16"]
[Round "4.2"]
[White "Wildig, Robert H"]
[Black "Lutton, J Ezra"]
[Result "1-0"]
[WhiteElo "2080"]
[BlackElo "2133"]
[PlyCount "49"]
[EventDate "2005.01.16"]
[SourceDate "2004.09.21"]

1. c4 e5 2. Nc3 Nc6 3. e3 f5 4. d4 Bb4 5. Nge2 Nf6 6. d5 Ne7 7. a3 Bxc3+ 8.
Nxc3 d6 9. Be2 O-O 10. b4 a6 11. Bb2 Qe8 12. f4 Qg6 13. O-O Ng4 14. Qd2 Rf6 15.
h3 Nh6 16. Kh2 Ng4+ 17. hxg4 fxg4 18. Rh1 g3+ 19. Kg1 exf4 20. exf4 Bg4 21. Bd3
Bf5 22. Bxf5 Rxf5 23. Ne2 Qg4 24. Rh3 Rxf4 25. Rxg3 1-0

[Event "4NCL/Div4a/SLOS4 vs. HKFC"]
[Site "Telford ENG"]
[Date "2005.01.16"]
[Round "4.3"]
[White "Jeffries, Majid"]
[Black "Whelan, Liam"]
[Result "1-0"]
[WhiteElo "2024"]
[BlackElo "1990"]
[PlyCount "95"]
[EventDate "2005.01.16"]
[SourceDate "2004.09.21"]

1. d4 Nf6 2. c4 e5 3. dxe5 Ng4 4. Nf3 Nc6 5. e3 Bb4+ 6. Bd2 Qe7 7. Nc3 Bxc3 8.
Bxc3 Ncxe5 9. Be2 a5 10. Qd4 d6 11. h3 c5 12. Qd2 Nxf3+ 13. gxf3 Ne5 14. f4 Nc6
15. Bxg7 Rg8 16. Bc3 Bf5 17. a3 Be4 18. f3 Qh4+ 19. Kd1 Bf5 20. Qe1 Qd8 21. e4
Bd7 22. Qd2 Ne7 23. Ke1 Ng6 24. Bf1 Qh4+ 25. Qf2 Qxf4 26. Bd2 Qf6 27. Bc3 Qe6
28. Kd2 Ne5 29. Qe2 Ba4 30. f4 Qh6 31. Qf2 Ng6 32. Ke3 Ne5 33. Be2 Bb3 34. Rac1
Ng6 35. Rcg1 b6 36. Rg5 Qf8 37. Rhg1 f6 38. Rf5 O-O-O 39. Bg4 Kc7 40. Rxf6 Qe7
41. Be6 Rgf8 42. Rxf8 Rxf8 43. f5 Ba4 44. Qg3 Bc6 45. Qg4 Ne5 46. Bxe5 dxe5 47.
Qg7 Kd8 48. Qxe5 1-0

[Event "4NCL/Div4a/SLOS4 vs. HKFC"]
[Site "Telford ENG"]
[Date "2005.01.16"]
[Round "4.4"]
[White "Bullock, Andrew"]
[Black "Payne, Nick"]
[Result "1/2-1/2"]
[WhiteElo "1985"]
[BlackElo "2101"]
[PlyCount "41"]
[EventDate "2005.01.16"]
[SourceDate "2004.09.21"]

1. c4 Nf6 2. Nc3 d5 3. Nf3 g6 4. d4 Bg7 5. Bf4 c6 6. h3 O-O 7. e3 Qa5 8. cxd5
Nxd5 9. Bh2 c5 10. Qb3 e6 11. Be2 Nc6 12. O-O cxd4 13. Nxd5 exd5 14. exd4 Qb4
15. Qxb4 Nxb4 16. Bd6 Re8 17. Bb5 Nc6 18. Be5 Re6 19. Bxc6 bxc6 20. Bc7 Ba6 21.
Rfe1 1/2-1/2

[Event "4NCL/Div4a/SLOS4 vs. HKFC"]
[Site "Telford ENG"]
[Date "2005.01.16"]
[Round "4.5"]
[White "Makepeace, Philip J"]
[Black "Forman, Karl L"]
[Result "1-0"]
[WhiteElo "2015"]
[BlackElo "2025"]
[PlyCount "107"]
[EventDate "2005.01.16"]
[SourceDate "2004.09.21"]

1. e4 Nf6 2. Nc3 d5 3. e5 d4 4. exf6 dxc3 5. fxg7 cxd2+ 6. Bxd2 Bxg7 7. c3 Qd5
8. Nf3 Nc6 9. Qa4 Bd7 10. Qf4 O-O-O 11. Bc4 e5 12. Bxd5 exf4 13. Bxf7 Bg4 14.
O-O-O Bxf3 15. gxf3 Ne5 16. Be6+ Kb8 17. Kc2 Nd3 18. Rhf1 Rhf8 19. b3 c5 20.
Bc4 Ne5 21. Be2 Bh6 22. Rg1 b5 23. Bxb5 Nxf3 24. Rg4 Rxd2+ 25. Rxd2 Nxd2 26.
Kxd2 f3+ 27. Kd3 Bf4 28. h3 Kc7 29. Ke4 Bd2 30. c4 Be1 31. Ke3 Rf7 32. Re4 Kd6
33. Be8 Re7 34. Rxe7 Kxe7 35. Bh5 Kf6 36. Bxf3 h6 37. Bd5 Bc3 38. Ke4 Bd2 39.
f4 a5 40. Bb7 Bb4 41. Bc8 Bd2 42. Kd5 Bb4 43. Kc6 Ba3 44. Kb5 Bb4 45. Ka4 Bd2
46. f5 Ke7 47. a3 Bc3 48. Kb5 Kd6 49. f6 Bxf6 50. Kxa5 Kc7 51. Be6 Kd6 52. Bd5
Bc3+ 53. Kb6 Bd4 54. a4 1-0